| 000 | 01312cam a22003735a 4500 | ||
|---|---|---|---|
| 999 |
_c21609 _d21581 |
||
| 001 | 012953854 | ||
| 003 | EG-ScBUE | ||
| 005 | 20200209102939.0 | ||
| 008 | 040714r20062001enk f b 000 0 eng d | ||
| 020 | _a0415254043 | ||
| 020 | _a9780415254045 | ||
| 040 |
_aEG-ScBUE _beng _erda _cEG-ScBUE _dEG-ScBUE |
||
| 041 | 1 |
_aeng _hfre |
|
| 082 | 0 | 4 |
_a801 _bSAR _222 |
| 100 | 1 |
_aSartre, Jean-Paul, _d1905-1980, _eauthor. _910153 |
|
| 240 | 1 | 0 |
_aQu'est-ce que la littérature? _lEnglish. |
| 245 | 1 | 0 |
_aWhat is literature ? / _cJean-Paul Sartre ; translated by Bernard Frechtman ; with an introduction by David Caute. |
| 250 | _aReprint edition. | ||
| 264 | 1 |
_aMilton Park, Abingdon, Oxon : _bRoutledge, Taylor and Francis Group, _c2006. |
|
| 300 |
_axxiii, 251 pages ; _c21 cm. |
||
| 336 |
_2rdacontent _atext _btxt |
||
| 337 |
_2rdamedia _aunmediated _bn |
||
| 338 |
_2rdacarrier _avolume _bnc |
||
| 490 | 0 | _aRoutledge classics | |
| 500 | _aReprinted of 2001 edition. | ||
| 500 | _aIncludes appendix. | ||
| 546 | _aText in English ; translated from original French. | ||
| 650 | 7 |
_aLiterature _xPhilosophy. _2BUEsh _924262 |
|
| 653 |
_cApril2016 _bHHUUEENN |
||
| 655 | _vReading book | ||
| 700 | 1 |
_aFrechtman, Bernard, _etranslator. |
|
| 700 | 1 |
_aCaute, David, _eauthor of introduction, etc. |
|
| 942 |
_2ddc _cBB |
||